Saurez-vous nommer les touches d'une calculatrice ? - Statistiques

Statistiques générales
  • Ce quiz a été pris 41 fois
  • Le résultat moyen est 13 sur 18
Réponses sur la Carte
Les réponses sont colorées sur une échelle allant du rouge au vert en fonction du pourcentage des utilisateurs qui les ont devinées à leur premier essai. Vous pouvez retrouver ces pourcentages ci-dessous.
 
Statistiques - réponses
Réponse % Correct
1
100%
2
100%
3
100%
5
100%
6
100%
7
100%
8
100%
9
100%
4
97%
Effacer
70%
Addition
62%
Multiplication
62%
Soustraction
59%
Égal
51%
Division
32%
Virgule
27%
Pourcentage
3%
Signe
0%
Aucun quiz correspondant
Distribution des résultats
% des personnes avec chaque résultat
Percentile par nombre de réponses
Votre historique - résultats
Vous n’avez pas pris ce quiz